000 00314cam a2200133ua 4500
041 _amal
_h
082 _a894.812301
_bPAD/MR
100 _aPadmasen, Chalattu .
245 _aMrigavum manushiarum /
_cChalattu Padmasen.
_hTextual Documents
300 _a113 ; .
504 _a
942 _cBK
999 _c7240
_d7240